000 01183cam a2200313 a 4500
999 _c126724
_d126724
001 13147864
003 ARRUPE
005 20170822095933.0
008 030404s2004 maua b 001 0 eng
010 _a 2003050027
020 _a0205363903
040 _aDLC
_cDLC
_dDLC
050 0 0 _aLB1060
_b.C366 2004
082 0 0 _a370.15/2
_221
100 1 _aCampbell, Linda,
_d1948-2003.
_934988
245 1 0 _aTeaching & learning through multiple intelligences /
_cLinda Campbell, Bruce Campbell, Dee Dickinson.
250 _a3rd ed.
260 _aBoston :
_bPearson Education, Inc.
_cc2003.
300 _axxvi, 342 p. :
_bill. ;
_c28 cm.
504 _aIncludes bibliographical references and indexes.
650 0 _aLearning.
_934989
650 0 _aMultiple intelligences.
_913029
650 0 _aCognitive styles.
_934990
650 0 _aTeaching.
_934991
700 1 _aCampbell, Bruce,
_d1945-
_934992
700 1 _aDickinson, Dee.
_934993
906 _a7
_bcbc
_corignew
_d1
_eocip
_f20
_gy-gencatlg
942 _2lcc
_cMONOGRAPH